[Event "UKR-ch Women Final 2018"]
[Site "Kiev"]
[Date "2018.12.17"]
[Round "6"]
[White "Buksa, Nataliya"]
[Black "Dolzhykova, Kateryna"]
[Result "*"]
[WhiteElo "2410"]
[BlackElo "2161"]
[Annotator "TA"]
[PlyCount "28"]
[EventDate "2018.12.11"]
[EventType "tourn"]
[EventCountry "UKR"]
[SourceTitle "playchess.com"]
[Source "ChessBase"]
[SourceQuality "1"]

{[%evp 14,28,74,66,68,61,50,35,110,53,60,0,72,68,68,69,95]} 1. e4 c5 2. Nf3 Nc6 3. d4 cxd4 4. Nxd4 Nf6 5. Nc3 g6 6. Nxc6 bxc6 7. e5 Nh5 8. Bc4 {LiveBook: 6 Games. B34: Sicilian: Accelerated Dragon with 5 Nc3: sidelines} (8. Be2 Ng7 9. O-O Ne6 10. Bc4 Bg7 11. Bxe6 fxe6 12. Bf4 O-O 13. Bg3 Rf5 14. Re1 Qa5 15. Qe2 Rb8 {0-1 (70) Hracek,Z (2592)-Janik,I (2413) Katowice 2017}) 8... Qa5 9. O-O Qxe5 10. Re1 Qc7 {[#]} (10... Qb8 $14) 11. Ne4 $146 ({White should try} 11. Qf3 $1 $16 {[%cal Rf3f7]} f5 12. g4) ({Predecessor:} 11. Qf3 e6 12. g4 Ng7 13. Ne4 f5 14. gxf5 gxf5 15. Nf6+ Kf7 {1-0 (30) Pinzon,N-Medina Mitchell,M ICCF email 2016}) 11... e6 $14 12. Bg5 (12. g4 $1 $14 f5 13. gxf5 (13. gxh5 $2 fxe4 14. Qg4 d5 $19)) 12... d5 {[#]} (12... Rg8 $11) 13. Qxh5 $1 $16 dxe4 14. Qh4 f5 *

[Event "UKR-ch Women Final 2018"]
[Site "Kiev"]
[Date "2018.12.17"]
[Round "6"]
[White "Doluhanova, Evgeniya"]
[Black "Babiy, Olga"]
[Result "0-1"]
[WhiteElo "2367"]
[BlackElo "2275"]
[Annotator "NA"]
[PlyCount "35"]
[EventDate "2018.12.11"]
[EventType "tourn"]
[EventCountry "UKR"]
[SourceTitle "playchess.com"]
[Source "ChessBase"]
[SourceQuality "1"]
[TimeControl "40/5400+30:1800+30"]

1. Nf3 {[%emt 0:00:41]} d5 {[%emt 0:01:10]} 2. e3 {[%emt 0:01:00]} Nf6 {[%emt 0:00:45]} 3. b3 {[%emt 0:01:10]} Bf5 {[%emt 0:03:55]} 4. Bb2 {[%emt 0:00:51]} e6 {[%emt 0:00:16]} 5. Be2 {[%emt 0:08:47]} h6 {[%emt 0:00:54]} 6. d3 {[%emt 0:02:04]} Nbd7 {[%emt 0:08:17]} 7. Nbd2 {[%emt 0:04:16]} Be7 {[%emt 0:07:37]} 8. O-O {[%emt 0:02:09]} O-O $11 {[%emt 0:00:32] LiveBook: 7 Games} 9. c4 {[%emt 0:04:51]} a5 {[%emt 0:06:44]} 10. Rc1 {[%emt 0:05:09]} a4 {[%emt 0:03:18]} 11. cxd5 {[%emt 0:15:55]} exd5 {[%emt 0:00:14]} 12. bxa4 {[%emt 0:21:24]} Nb6 {[%emt 0:03:24]} 13. Be5 {[%emt 0:01:09]} c6 {[%emt 0:05:29]} 14. Qb3 {[%emt 0:05:33]} Nfd7 {[%emt 0:04:49]} 15. a5 {[%emt 0:08:23]} Nxe5 {[%emt 0:13:24]} 16. Nxe5 {[%emt 0:01:14]} Rxa5 {[%emt 0:00:30]} 17. Rb1 {[%emt 0:00:30]} Rb5 {[%emt 0:00:30]} 18. Ng4 0-1

[Event "UKR-ch Women Final 2018"]
[Site "Kiev"]
[Date "2018.12.17"]
[Round "6"]
[White "Berdnyk, Mariia"]
[Black "Osmak, Iulija"]
[Result "*"]
[WhiteElo "2248"]
[BlackElo "2403"]
[Annotator "TA"]
[PlyCount "47"]
[EventDate "2018.12.11"]
[EventType "tourn"]
[EventCountry "UKR"]
[SourceTitle "playchess.com"]
[Source "ChessBase"]
[SourceQuality "1"]

{[%evp 17,47,0,0,0,1,-25,-22,-30,0,0,0,0,0,0,0,0,0,-66,0,0,0,0,0,0,4,5,4,12,20,20,17,13]} 1. e4 e6 2. d4 d5 3. Nc3 Bb4 4. e5 Ne7 5. a3 Bxc3+ 6. bxc3 c5 7. Qg4 Kf8 8. Bd2 b6 {C18: French: 3 Nc3 Bb4: Main line: 7 h4 and 7 Qg4} 9. a4 (9. Nf3 Ba6 10. dxc5 Bxf1 11. Kxf1 bxc5 12. h4 h5 13. Qf4 Ng6 14. Qe3 Nd7 15. Rh3 Rb8 16. c4 {½-½ (64) Anand,V (2783)-So,W (2810) Leon 2017}) 9... Qc7 {LiveBook: 3 Games} 10. Bd3 Ba6 11. Qf3 $146 (11. Bxa6 {seems wilder.} Nxa6 12. Qe2 Nb8 13. Nf3 cxd4 14. cxd4 Qc4 15. Qxc4 dxc4 16. Bb4) ({Predecessor:} 11. Nf3 Bxd3 12. cxd3 h5 13. Qf4 Ng6 14. Qe3 Nc6 15. O-O h4 16. h3 {½-½ (23) Simoncic,L (2083)-Brown,H (1813) ICCF email 2013}) 11... Bxd3 12. Qxd3 cxd4 13. cxd4 Qc4 14. Qxc4 dxc4 15. Bb4 Nbc6 16. Bxe7+ Kxe7 17. Nf3 ({White should play} 17. c3 $11) 17... f6 ({Black should try} 17... c3 $1 $15) 18. exf6+ $11 {The position is equal.} gxf6 19. c3 Rhd8 20. Ke2 Rd5 21. Rhb1 Rad8 22. Rb5 Na5 23. Rb4 Rc8 24. Re1 {Accuracy: White = 89%, Black = 62%.} *

[Event "UKR-ch Women Final 2018"]
[Site "Kiev"]
[Date "2018.12.17"]
[Round "6"]
[White "Martynkova, Olena"]
[Black "Shpanko, Nadiia"]
[Result "0-1"]
[WhiteElo "2173"]
[BlackElo "2262"]
[Annotator "NA"]
[PlyCount "170"]
[EventDate "2018.12.11"]
[EventType "tourn"]
[EventCountry "UKR"]
[SourceTitle "playchess.com"]
[Source "ChessBase"]
[SourceQuality "1"]
[TimeControl "40/5400+30:1800+30"]

1. Nf3 {[%emt 0:00:00]} Nf6 {[%emt 0:00:00]} 2. g3 {[%emt 0:00:00]} d5 {[%emt 0:00:14]} 3. Bg2 {[%emt 0:00:32]} e6 {[%emt 0:00:31]} 4. O-O {[%emt 0:01:19]} Nbd7 {[%emt 0:03:16]} 5. d4 {[%emt 0:09:24]} Bd6 {[%emt 0:04:15]} 6. c4 {[%emt 0:11:25]} c6 {[%emt 0:01:27]} 7. Nbd2 {[%emt 0:09:31]} O-O {[%emt 0:02:42]} 8. Qc2 {[%emt 0:02:28]} Re8 {[%emt 0:02:02]} 9. Rd1 {[%emt 0:05:04]} Qe7 {[%emt 0:05:16] LiveBook: 107 Games} 10. a3 {[%emt 0:05:41]} Bb8 {[%emt 0:15:04]} 11. b4 {[%emt 0:07:33]} e5 $11 {[%emt 0:15:34]} 12. dxe5 {[%emt 0:16:03]} Nxe5 {[%emt 0:00:40]} 13. cxd5 {[%emt 0:03:41]} Nxd5 {[%emt 0:02:38]} 14. Nd4 {[%emt 0:03:34]} Ng4 {[%emt 0:04:34]} 15. N2f3 {[%emt 0:03:38]} Bd7 16. Re1 {[%emt 0:07:48]} a5 {[%emt 0:10:46]} 17. Bg5 Qf8 {[%emt 0:10:11]} 18. e4 {[%emt 0:10:11]} Nb6 {[%emt 0:02:05]} 19. Bd2 axb4 {[%emt 0:02:39]} 20. axb4 {[%emt 0:04:34]} Rxa1 {[%emt 0:02:24]} 21. Rxa1 {[%emt 0:00:02]} Bd6 {[%emt 0:00:33]} 22. Rb1 {[%emt 0:00:42]} Qe7 {[%emt 0:08:34]} 23. h3 Nf6 24. b5 {[%emt 0:06:36]} c5 {[%emt 0:04:20]} 25. e5 {[%emt 0:01:23]} Bxe5 {[%emt 0:03:02]} 26. Nxe5 Qxe5 {[%emt 0:00:09]} 27. Nf3 {[%emt 0:00:43]} Qf5 {[%emt 0:02:15]} 28. Qxf5 Bxf5 {[%emt 0:00:07]} 29. Rc1 {[%emt 0:01:04]} Nbd7 {[%emt 0:00:55]} 30. Nh4 {[%emt 0:00:52]} Be4 {[%emt 0:01:30]} 31. b6 {[%emt 0:00:33]} Bxg2 32. Kxg2 Nd5 {[%emt 0:02:28]} 33. Nf5 {[%emt 0:00:58]} Re6 {[%emt 0:02:37]} 34. Ba5 {[%emt 0:00:31]} h5 {[%emt 0:04:46]} 35. Rd1 {[%emt 0:00:30]} N7xb6 {[%emt 0:02:32]} 36. Bxb6 {[%emt 0:00:23]} Nxb6 {[%emt 0:00:02]} 37. Rd8+ {[%emt 0:00:38]} Kh7 {[%emt 0:00:06]} 38. Rb8 {[%emt 0:00:29]} g6 {[%emt 0:00:27]} 39. Ne3 {[%emt 0:00:29]} Re7 {[%emt 0:00:08]} 40. Kf3 {[%emt 0:00:00]} Kg7 {[%emt 0:00:00]} 41. g4 {[%emt 0:03:09]} hxg4+ {[%emt 0:01:00]} 42. hxg4 f6 {[%emt 0:02:42]} 43. Kf4 {[%emt 0:11:41]} Rc7 {[%emt 0:03:40]} 44. Ke4 {[%emt 0:02:44]} Rd7 {[%emt 0:01:22]} 45. f4 {[%emt 0:03:18]} c4 {[%emt 0:01:14]} 46. Kf3 {[%emt 0:01:28]} c3 {[%emt 0:03:57]} 47. Ke2 {[%emt 0:02:31]} Kh7 {[%emt 0:12:19]} 48. g5 {[%emt 0:05:16]} fxg5 {[%emt 0:00:59]} 49. fxg5 {[%emt 0:00:06]} Kg7 {[%emt 0:00:12]} 50. Re8 {[%emt 0:01:34]} Nc4 {[%emt 0:01:45]} 51. Rc8 {[%emt 0:01:06]} Rd2+ {[%emt 0:03:03]} 52. Ke1 {[%emt 0:03:37]} Nxe3 {[%emt 0:00:46]} 53. Rc7+ {[%emt 0:00:01]} Kf8 {[%emt 0:00:17]} 54. Rxc3 {[%emt 0:00:02]} Rg2 {[%emt 0:01:41]} 55. Rxe3 {[%emt 0:00:03]} Rxg5 {[%emt 0:00:06]} 56. Re6 {[%emt 0:01:09]} b5 {[%emt 0:00:20]} 57. Kf2 {[%emt 0:01:07]} Kg7 {[%emt 0:00:39]} 58. Rb6 {[%emt 0:00:39]} Kh6 {[%emt 0:00:44]} 59. Kf3 {[%emt 0:00:16]} Rc5 {[%emt 0:00:08]} 60. Kf4 {[%emt 0:00:43]} Kh5 61. Rb8 {[%emt 0:00:30]} Rf5+ {[%emt 0:00:47]} 62. Kg3 {[%emt 0:00:33]} Kg5 {[%emt 0:00:07]} 63. Rb6 Rc5 {[%emt 0:00:06]} 64. Kf3 {[%emt 0:00:55]} Kf5 {[%emt 0:00:06]} 65. Ke3 {[%emt 0:00:29]} Rc3+ {[%emt 0:01:48]} 66. Kd2 {[%emt 0:00:33]} Rc5 {[%emt 0:00:36]} 67. Ke3 {[%emt 0:00:29]} Re5+ {[%emt 0:00:17]} 68. Kd4 {[%emt 0:00:34]} g5 {[%emt 0:00:38]} 69. Rb8 {[%emt 0:00:17]} Kf4 {[%emt 0:00:26]} 70. Rf8+ {[%emt 0:00:36]} Rf5 {[%emt 0:00:06]} 71. Re8 {[%emt 0:00:03]} g4 {[%emt 0:00:10]} 72. Re4+ {[%emt 0:00:25]} Kg3 {[%emt 0:02:15]} 73. Ke3 {[%emt 0:00:09]} Rf3+ {[%emt 0:00:15]} 74. Ke2 {[%emt 0:00:12]} Rf4 {[%emt 0:00:08]} 75. Re5 {[%emt 0:00:27]} b4 {[%emt 0:00:19]} 76. Rb5 {[%emt 0:00:38]} Kg2 {[%emt 0:00:19]} 77. Ke3 {[%emt 0:00:24]} Rf3+ {[%emt 0:00:08]} 78. Ke2 {[%emt 0:00:37]} b3 {[%emt 0:00:14]} 79. Rb4 {[%emt 0:00:32]} g3 {[%emt 0:00:06]} 80. Rd4 {[%emt 0:00:29]} b2 {[%emt 0:01:09]} 81. Rd1 {[%emt 0:00:26]} Rf8 {[%emt 0:00:32]} 82. Ke3 {[%emt 0:00:31]} Re8+ {[%emt 0:00:19]} 83. Kf4 {[%emt 0:00:15]} Kf2 {[%emt 0:00:19]} 84. Rd2+ {[%emt 0:01:45]} Re2 {[%emt 0:00:10]} 85. Rd1 {[%emt 0:00:09]} g2 {[%emt 0:00:08]} 0-1

[Event "UKR-ch Women Final 2018"]
[Site "Kiev"]
[Date "2018.12.18"]
[Round "7"]
[White "Osmak, Iulija"]
[Black "Buksa, Nataliya"]
[Result "1/2-1/2"]
[WhiteElo "2403"]
[BlackElo "2410"]
[Annotator "TA"]
[PlyCount "82"]
[EventDate "2018.12.11"]
[EventType "tourn"]
[EventCountry "UKR"]
[SourceTitle "playchess.com"]
[Source "ChessBase"]
[SourceQuality "1"]

{[%evp 10,82,12,8,22,-6,0,0,0,7,14,14,14,0,0,0,0,0,22,0,20,24,25,4,14,-22,-24,-30,-31,-30,-20,-29,-25,-41,-39,-45,-39,-61,-59,-70,-70,-86,-68,-79,-58,-116,-29,-37,0,0,0,0,0,0,0,0,0,0,0,-6,-6,-98,-52,-79,-107,-124,-123,-154,-22,-20,-22,-23,-19,-26,-16]} 1. d4 Nf6 2. Bf4 d5 3. e3 c5 4. Nc3 cxd4 5. exd4 a6 6. Nf3 {LiveBook: 98 Games. B13: Caro-Kann: Exchange Variation and Panov-Botvinnik Attack} (6. Bd3 Nc6 7. Nge2 Bg4 8. f3 Bh5 9. h4 Bg6 10. g4 e6 11. h5 Bxd3 12. Qxd3 h6 13. O-O-O {0-1 (50) Jobava,B (2646)-Nisipeanu,L (2657) Spilimbergo 2018}) 6... e6 7. Ne5 Bd6 8. Bd3 {The position is equal.} Qc7 $146 ({Predecessor:} 8... Nc6 9. Nxc6 bxc6 10. Bg3 O-O 11. Ne2 c5 12. c3 cxd4 13. cxd4 {1-0 (38) De Block,Y (2100)-Vande Velde,E (1872) Niel 2017}) 9. Bg3 Nc6 (9... O-O {keeps more tension.} 10. Nf3 Nc6 11. Bxd6 Qxd6 12. O-O Re8) 10. Nxc6 Qxc6 11. O-O Bxg3 12. hxg3 Bd7 13. Ne2 Rc8 14. Qd2 Qb6 15. a4 O-O 16. Qg5 Qd8 (16... Rfe8 {seems wilder.} 17. Qf4 h6 18. c3 a5 19. Rfb1 Qd8) 17. a5 (17. c3 {is more complex.} h6 18. Qd2 b5 19. axb5 Bxb5 20. Nf4) 17... Bb5 18. Bxb5 axb5 19. Rfc1 Qc7 20. Qe3 Ne4 21. Qd3 Nd6 22. Qd2 Ra8 23. Qb4 Ra6 24. Nc3 Qd7 25. Ra2 h6 26. Ne2 Rc8 27. c3 (27. Qe1 $15) 27... b6 (27... Rc4 $17 28. Qb3 Ra4) 28. Rca1 $11 Rca8 29. Nc1 $1 Qd8 {[%cal Rb6a5]} 30. axb6 Rxa2 31. Rxa2 Rxa2 32. Nxa2 {[#] Strongly threatening Qc5.} Qxb6 33. Nc1 Qa6 {aiming for ...Nc4.} 34. Kh2 Ne4 35. f3 (35. Nd3 $11) 35... Nd2 36. Nb3 $1 {[%cal Rb3d2]} Nf1+ 37. Kh3 Qa2 38. Qxb5 {[#] Hoping for Nc5.} Qxb2 (38... Qb1 $1 $17 {...Ne3 is the strong threat.} 39. Qb8+ Kh7) 39. Qxf1 {Threatens to win with Nc5.} Qxb3 40. Qd3 g6 41. g4 Kg7 {Precision: White = 41%, Black = 51%.} 1/2-1/2

[Event "UKR-ch Women Final 2018"]
[Site "Kiev"]
[Date "2018.12.18"]
[Round "7"]
[White "Babiy, Olga"]
[Black "Gaponenko, Inna"]
[Result "1/2-1/2"]
[WhiteElo "2275"]
[BlackElo "2420"]
[Annotator "TA"]
[PlyCount "85"]
[EventDate "2018.12.11"]
[EventType "tourn"]
[EventCountry "UKR"]
[SourceTitle "playchess.com"]
[Source "ChessBase"]
[SourceQuality "1"]

{[%evp 30,85,27,19,11,16,1,0,0,0,0,0,0,0,0,0,-8,-27,-10,-33,0,0,0,0,12,0,0,-179,-175,-158,-94,-101,-110,-85,-28,-28,-30,-41,8,8,4,5,1,0,10,0,0,0,0,0,0,-8,-8,-8,-9,-9,0,0]} 1. e4 c5 2. Nf3 Nc6 3. d4 cxd4 4. Nxd4 Nf6 5. Nc3 e5 6. Ndb5 d6 7. Bg5 a6 8. Na3 b5 {[%cal Bb7b5,Bb5b4][%mdl 32]} 9. Nd5 Be7 10. Bxf6 Bxf6 11. c4 b4 {B33: Sicilian: Pelikan and Sveshnikov Variations} 12. Nc2 O-O 13. g3 Bg5 14. Bg2 a5 15. O-O Be6 (15... Ne7 16. Nce3 Bxe3 17. Nxe3 Be6 18. Rc1 Nc6 19. Nf5 {1-0 (54) Harikrishna,P (2744)-Yu,Y (2751) Huaian 2017}) 16. b3 {LiveBook: 23 Games} g6 17. h4 Bh6 18. Kh2 (18. Qd3 {looks sharper.} Rb8 19. Rad1 Bg7 20. h5 gxh5 21. Nce3) 18... Bxd5 $146 ({Predecessor:} 18... Ne7 19. Nf6+ Kh8 20. Ng4 Bg7 {½-½ (43) Klochan,P (2260)-Krebs,J (2235) ICCF email 2013}) 19. Qxd5 Qc7 20. Rad1 Rfd8 21. h5 a4 22. Qd3 axb3 23. axb3 Ra2 24. Bf3 Qa7 25. Kg2 Qc5 26. Bg4 Bg5 27. Kh3 Bh6 28. f4 $2 (28. Kh2 $11 {and White has nothing to worry.}) 28... exf4 $19 29. gxf4 {[#]} Bg7 ({Much less strong is} 29... gxh5 30. Bf5 $17) (29... Rb2 $142 $1 30. hxg6 hxg6) 30. hxg6 hxg6 31. Rd2 Nd4 (31... Bc3 $17 32. Re2 Rb2) 32. Nxd4 $11 Rxd2 33. Qxd2 {[#] Black must now prevent Nb5.} Qxd4 (33... Bxd4 {is interesting.} 34. f5 Kg7 35. Kg2 Rh8 36. fxg6 fxg6 37. Be6 Bf6) 34. Qxd4 {The position is equal.} Bxd4 {[%mdl 4096] Endgame KRB-KRB} 35. Rd1 Bc5 36. Kg3 Ra8 37. Bd7 Ra2 38. Rd5 Kf8 39. e5 Ke7 40. Ba4 {exd6+ is the strong threat.} Rc2 41. Kf3 Ke6 42. Kg3 f6 43. exf6 {Accuracy: White = 66%, Black = 58%.} 1/2-1/2

[Event "UKR-ch Women Final 2018"]
[Site "Kiev"]
[Date "2018.12.18"]
[Round "7"]
[White "Shpanko, Nadiia"]
[Black "Doluhanova, Evgeniya"]
[Result "1/2-1/2"]
[WhiteElo "2262"]
[BlackElo "2367"]
[Annotator "NA"]
[PlyCount "132"]
[EventDate "2018.12.11"]
[EventType "tourn"]
[EventCountry "UKR"]
[SourceTitle "playchess.com"]
[Source "ChessBase"]
[SourceQuality "1"]
[TimeControl "40/5400+30:1800+30"]

1. d4 {[%emt 0:00:00]} Nf6 {[%emt 0:00:00]} 2. c4 {[%emt 0:00:00]} e6 {[%emt 0:00:00]} 3. Nc3 {[%emt 0:00:00]} Bb4 {[%emt 0:00:25]} 4. e3 {[%emt 0:00:00]} O-O {[%emt 0:00:14]} 5. Bd3 {[%emt 0:00:02]} c5 {[%emt 0:00:49]} 6. Nf3 {[%emt 0:00:30]} b6 {[%emt 0:02:22]} 7. O-O {[%emt 0:02:04]} Bb7 {[%emt 0:03:35]} 8. Nb5 {[%emt 0:06:17]} cxd4 9. Nbxd4 {[%emt 0:00:39]} Nc6 {[%emt 0:03:21]} 10. Nc2 $146 {[%emt 0:01:49] E43: Nimzo-Indian: Rubinstein: 4...b6} ({Predecessor:} 10. Nxc6 Bxc6 11. b3 Bc3 12. Rb1 Ne4 13. Ba3 Re8 14. Rc1 f5 15. Bxe4 fxe4 16. Nd4 Bxd4 17. Qxd4 e5 {1-0 (31) Surroca Collazo,A-De la Rosa Solorzano,J Cuba 2001}) 10... Be7 {[%emt 0:01:21]} 11. b3 {[%emt 0:02:19]} d5 {[%emt 0:04:49]} 12. Bb2 {[%emt 0:01:24]} dxc4 {[%emt 0:02:26]} 13. Bxc4 {[%emt 0:00:06]} Qc7 {[%emt 0:01:21]} 14. Ncd4 {[%emt 0:01:46]} Rad8 {[%emt 0:08:21]} 15. Qe2 {[%emt 0:02:21]} Qb8 {[%emt 0:13:17]} 16. Rfd1 {[%emt 0:07:11]} Qa8 {[%emt 0:03:32]} 17. Ba6 {[%emt 0:08:07]} Nxd4 {[%emt 0:04:23]} 18. Bxd4 {[%emt 0:00:27]} Bc6 {[%emt 0:04:50]} 19. Bb5 {[%emt 0:03:18]} Bxb5 {[%emt 0:00:43]} 20. Qxb5 {[%emt 0:00:07]} Rd5 {[%emt 0:00:54]} 21. Qe2 {[%emt 0:00:24]} Rfd8 $11 {[%emt 0:05:17]} 22. Bb2 {[%emt 0:03:42]} Ne4 {[%emt 0:01:55]} 23. h3 {[%emt 0:00:39]} Bc5 {[%emt 0:05:05]} 24. Qc2 {[%emt 0:03:56]} Qb7 {[%emt 0:04:17]} 25. Bd4 {[%emt 0:09:47]} f5 {[%emt 0:16:59]} 26. Bxc5 {[%emt 0:00:55]} bxc5 {[%emt 0:01:40]} 27. Rxd5 {[%emt 0:05:44]} Qxd5 {[%emt 0:01:51]} 28. Kf1 {[%emt 0:01:57]} h6 {[%emt 0:00:37]} 29. Ke1 {[%emt 0:00:58]} g5 {[%emt 0:01:26]} 30. Qc4 {[%emt 0:05:07]} g4 {[%emt 0:02:46]} 31. Qxd5 {[%emt 0:00:18]} Rxd5 {[%emt 0:00:08]} 32. Ng1 {[%emt 0:02:14]} h5 {[%emt 0:06:32]} 33. f3 {[%emt 0:02:41]} gxh3 34. gxh3 {[%emt 0:00:21]} Nc3 {[%emt 0:01:01]} 35. Ne2 {[%emt 0:00:45]} Nxe2 {[%emt 0:00:36]} 36. Kxe2 {[%emt 0:01:20]} Kf7 {[%emt 0:00:03]} 37. f4 {[%emt 0:00:17]} e5 {[%emt 0:00:34]} 38. fxe5 {[%emt 0:02:09]} Rxe5 {[%emt 0:00:03]} 39. Rf1 {[%emt 0:00:52]} Ke6 {[%emt 0:00:36]} 40. Kf3 {[%emt 0:00:00]} Re4 {[%emt 0:00:00]} 41. Rg1 {[%emt 0:02:39]} Rh4 {[%emt 0:04:55]} 42. Rg6+ {[%emt 0:01:41]} Ke5 {[%emt 0:02:10]} 43. Kg3 {[%emt 0:00:19]} Re4 {[%emt 0:09:19]} 44. Kf3 {[%emt 0:00:09]} Rh4 {[%emt 0:01:27]} 45. Kg3 {[%emt 0:00:09]} Rb4 {[%emt 0:06:21]} 46. Rc6 {[%emt 0:02:34]} Kd5 {[%emt 0:01:41]} 47. Rh6 {[%emt 0:01:52]} Ke4 {[%emt 0:06:18]} 48. Rxh5 {[%emt 0:00:49]} a5 {[%emt 0:02:10]} 49. Kf2 {[%emt 0:03:04]} Ke5 {[%emt 0:00:05]} 50. Kg3 {[%emt 0:00:54]} Ke4 {[%emt 0:01:00]} 51. Kf2 {[%emt 0:00:53]} Ke5 {[%emt 0:00:17]} 52. Kg3 {[%emt 0:00:42]} c4 {[%emt 0:01:14]} 53. bxc4 {[%emt 0:04:37]} Rxc4 {[%emt 0:00:05]} 54. Rh8 {[%emt 0:00:34]} Ra4 {[%emt 0:00:33]} 55. Re8+ {[%emt 0:03:34]} Kf6 {[%emt 0:00:13]} 56. Rf8+ {[%emt 0:00:24]} Ke6 {[%emt 0:00:54]} 57. h4 {[%emt 0:01:57]} Rxa2 {[%emt 0:00:12]} 58. h5 {[%emt 0:00:30]} Ra1 {[%emt 0:00:19]} 59. h6 {[%emt 0:06:08]} Rh1 {[%emt 0:00:47]} 60. Ra8 {[%emt 0:00:47]} Kf6 {[%emt 0:00:37]} 61. Ra6+ {[%emt 0:04:52]} Kg5 {[%emt 0:00:44]} 62. Rxa5 {[%emt 0:00:10]} Rxh6 {[%emt 0:00:08]} 63. e4 {[%emt 0:00:08]} Rf6 {[%emt 0:00:03]} 64. Rd5 {[%emt 0:00:16]} Rf7 {[%emt 0:00:34]} 65. exf5 {[%emt 0:00:41]} Rxf5 {[%emt 0:00:03]} 66. Rxf5+ {[%emt 0:00:03]} Kxf5 1/2-1/2

[Event "UKR-ch Women Final 2018"]
[Site "Kiev"]
[Date "2018.12.18"]
[Round "7"]
[White "Rakhmangulova, Anastasiya"]
[Black "Berdnyk, Mariia"]
[Result "1-0"]
[WhiteElo "2233"]
[BlackElo "2248"]
[Annotator "NA"]
[PlyCount "70"]
[EventDate "2018.12.11"]
[EventType "tourn"]
[EventCountry "UKR"]
[SourceTitle "playchess.com"]
[Source "ChessBase"]
[SourceQuality "1"]
[TimeControl "40/5400+30:1800+30"]

1. e4 {[%emt 0:00:00]} c5 {[%emt 0:00:00]} 2. Nf3 {[%emt 0:00:00]} d6 {[%emt 0:00:00]} 3. h3 {[%emt 0:00:53]} Nf6 {[%emt 0:00:53]} 4. c3 {[%emt 0:00:04]} Nc6 {[%emt 0:03:52]} 5. Bd3 {[%emt 0:00:05]} e6 {[%emt 0:03:06]} 6. O-O {[%emt 0:00:18]} Be7 {[%emt 0:00:13]} 7. Bc2 {[%emt 0:00:04]} O-O {[%emt 0:00:44]} 8. Re1 {[%emt 0:00:16]} Qc7 {[%emt 0:01:28]} 9. d4 {[%emt 0:00:42]} b6 {[%emt 0:05:43]} 10. e5 {[%emt 0:05:15]} Nd5 {[%emt 0:08:17]} 11. a3 {[%emt 0:01:47]} Ba6 {[%emt 0:00:53]} 12. Bd3 {[%emt 0:22:55]} c4 {[%emt 0:09:22]} 13. Bc2 {[%emt 0:01:36]} dxe5 {[%emt 0:01:51]} 14. dxe5 {[%emt 0:00:24]} Bc5 {[%emt 0:02:38]} 15. Qe2 {[%emt 0:03:39]} g6 {[%emt 0:10:38]} (15... Kh8 $14) 16. Qe4 $14 {[%emt 0:16:19]} ({White should try} 16. Bh6 $16) 16... Rfd8 {[%emt 0:04:04]} 17. Qh4 {[%emt 0:05:20]} Bf8 {[%emt 0:00:30]} 18. Bh6 {[%emt 0:02:16]} Bg7 {[%emt 0:02:05]} 19. Bxg7 {[%emt 0:12:47]} Kxg7 {[%emt 0:00:01]} 20. Nbd2 {[%emt 0:01:18]} Qe7 {[%emt 0:02:59]} 21. Qe4 {[%emt 0:05:58]} Na5 {[%emt 0:01:25]} 22. h4 {[%emt 0:01:15]} Bb7 {[%emt 0:03:47]} 23. Qg4 {[%emt 0:00:47]} h5 24. Qg3 {[%emt 0:00:12]} Bc6 {[%emt 0:03:43]} 25. Nd4 {[%emt 0:03:00]} Rac8 {[%emt 0:05:16]} 26. f4 {[%emt 0:01:28]} Kh8 {[%emt 0:01:55]} 27. Ne4 {[%emt 0:01:08]} Nb7 {[%emt 0:01:01]} 28. Ng5 {[%emt 0:00:18]} Nc5 {[%emt 0:02:11]} 29. Rf1 {[%emt 0:04:12]} Bd7 30. Qf3 {[%emt 0:04:27]} Be8 {[%emt 0:11:43]} 31. Rae1 {[%emt 0:01:46]} Qf8 {[%emt 0:03:55]} 32. f5 {[%emt 0:00:43]} exf5 {[%emt 0:00:53]} 33. Bxf5 {[%emt 0:00:12]} Nd3 {[%emt 0:02:07]} 34. Bxc8 {[%emt 0:01:12]} Rxc8 {[%emt 0:00:16]} 35. Qxd5 {[%emt 0:00:21]} Ra8 1-0